000 00471nam a2200169Ia 4500
005 20230131144837.0
008 131103s9999 xx 000 0 und d
040 _aLoreto College
041 _aEnglish
082 _a880
_bHOM
245 4 _aThe Odyssey of Homer
_ctranslated by Samuel Butler; edited by Louise Ropes Looms
260 _aPrinceton
_bD.Van Nostrand
_c1944
300 _axxxix,306 p.
_b ill.
700 _aButler,Samuel,tr.
850 _aLCLIB
942 _cBK
999 _c5459
_d55938